| 000 | 00586nam a2200241Ia 4500 | ||
|---|---|---|---|
| 003 | OSt | ||
| 005 | 20140426082459.0 | ||
| 008 | 140130s9999 xx 000 0 und d | ||
| 020 | _a9780590237864 | ||
| 050 |
_aPZ 7 _b.G226My 1997 |
||
| 100 | _aGardner, Marjory. | ||
| 245 |
_cMarjory Gardner. _aMy cat muffin / |
||
| 260 |
_bScholastic Inc., _cc1997 _aUSA : |
||
| 300 |
_a9 p. : _bcol. ill. ; _c23 cm. |
||
| 440 | _v1 | ||
| 521 | _aG1 | ||
| 526 | _c130 | ||
| 650 |
_aCats _xJuvenile Literature. |
||
| 942 |
_cBK _2lcc |
||
| 999 |
_c39856 _d39856 |
||